Social Studies of Science /
Salvato in:
| Natura: | Periodico |
|---|---|
| Lingua: | inglese |
| Soggetti: | |
| Tags: |
Nessun Tag, puoi essere il primo ad aggiungerne!!
|
MARC
| LEADER | 00000nas^a2200000^a^4500 | ||
|---|---|---|---|
| 001 | 000186785 | ||
| 005 | 20260323000000.0 | ||
| 009 | 20260407171942.494 | ||
| 022 | |a 0306-3127 | ||
| 037 | |a Acervo ITESO - Biblioteca | ||
| 041 | |a ING | ||
| 094 | |a 1042 | ||
| 222 | 0 | |a Social Studies of Science / | |
| 245 | 0 | 0 | |a Social Studies of Science / |
| 264 | |a Londres, Inglaterra : |b Sage, |c 2006- | ||
| 300 | |a volúmenes | ||
| 310 | |a Bimestral |b 1997 | ||
| 321 | |a Trimestral |b Feb. 1975-1996 | ||
| 336 | |a texto |b txt |2 rdacontenido | ||
| 337 | |a sin mediación |b n |2 rdamedio | ||
| 338 | |a volumen |b nc |2 rdasoporte | ||
| 362 | |a Vol. 36, no.1 (feb. 2006)- | ||
| 599 | |a No vigente | ||
| 649 | |a XX | ||
| 650 | |a Ciencia - |x Publicaciones Periódicas Norteamericanas | ||
| 650 | |a Tecnología - |x Publicaciones Periódicas Norteamericanas | ||
| 650 | |a Sociología de la Ciencia - |x Publicaciones Periódicas Norteamericanas | ||
| 650 | |a Publicaciones Periódicas Norteamericanas | ||
| 910 | |a Fondo General | ||
| 920 | |a Impresos - Publicaciones Periódicas | ||
| 905 | |a 105 | ||
| 902 | |a https://opac.biblio.iteso.mx/vufind/Record/000186785 | ||